| 000 | 00523nam a22001697a 4500 | ||
|---|---|---|---|
| 999 |
_c9343 _d9343 |
||
| 008 | 210405b ||||| |||| 00| 0 eng d | ||
| 040 | _aBMS College of Architecture | ||
| 100 | _aB, U, Shree, Vidya | ||
| 245 | _aNational institute of Fashion technology Bangalore | ||
| 300 | _aNA | ||
| 500 | _a97GBEA1032 | ||
| 502 |
_8B.Arch _NBMS College of Architecture, Visvesvaraya Technological University _aProject report _d2002 |
||
| 650 | _aFashion | ||
| 650 | _aInstitute | ||
| 700 |
_aMamatha P Raj _eGuide |
||
| 942 |
_2ddc _cTHE |
||